000 00390nam a2200181Ia 4500
999 _c47400
_d47400
003 0100
005 20180226103942.0
008 130303s9999 xx 000 0 und d
040 _cARRUPELIB
050 _aDT763.R46 1959
100 _aRhoodie, D.J
_939550
245 _aApartheid /
260 _aCape town
_bHaum
_c1959
300 _axiii
300 _b 268p. 25 cm.
650 _aSouth Africa
_xRace relations
_929009
700 _aVenter, H. J
_939551
942 _2lcc
_cMONOGRAPH